| Tag |
First Indicator |
Second Indicator |
Subfields |
| LEADER |
00000cam a22000001a 4500 |
| 001 |
in00003359913 |
| 006 |
m d f |
| 007 |
cr bn mmmapmmp |
| 008 |
100720s2001 dcu o f000 0 eng d |
| 005 |
20260429191705.1 |
| 035 |
|
|
|a cis2007896914
|
| 040 |
|
|
|a ProQuest
|c ProQuest
|d UtOrBLW
|
| 043 |
|
|
|a n-us---
|
| 099 |
|
|
|a CRS-2001-FDT-0569
|
| 110 |
2 |
|
|a Library of Congress.
|b Congressional Research Service.
|
| 245 |
1 |
0 |
|a Iran-Libya Sanctions Act (ILSA).
|
| 264 |
|
1 |
|a [Place of publication not identified] :
|b [publisher not identified],
|c 2001.
|
| 300 |
|
|
|a 1 online resource.
|
| 336 |
|
|
|a text
|b txt
|2 rdacontent
|
| 337 |
|
|
|a computer
|b c
|2 rdamedia
|
| 338 |
|
|
|a online resource
|b cr
|2 rdacarrier
|
| 500 |
|
|
|a Record is based on bibliographic data in ProQuest U.S. Congressional Research Digital Collection (last viewed July 2010). Reuse except for individual research requires license from ProQuest, LLC.
|
| 500 |
|
|
|a CRS Report.
|
| 520 |
|
|
|a Provides background information on P.L. 107-24, the Iran-Libya Sanctions Act (ILSA). Describes key ILSA provisions, act renewal and modifications in 2001, implementation and effectiveness, and proposed ILSA modifications and extensions.
|
| 500 |
|
|
|a Electronic resource.
|
| 650 |
|
0 |
|a Sanctions (International law)
|
| 651 |
|
0 |
|a Iran.
|
| 651 |
|
0 |
|a Libya.
|
| 655 |
|
7 |
|a Electronic books.
|2 local
|
| 710 |
2 |
|
|a ProQuest (Firm)
|
| 776 |
0 |
8 |
|i Microfiche version:
|a Library of Congress. Congressional Research Service.
|t Iran-Libya Sanctions Act (ILSA)
|
| 830 |
|
0 |
|a U.S. Congressional Research.
|
| 856 |
4 |
0 |
|u http://proxy.library.tamu.edu/login?url=https://congressional.proquest.com/congcomp/getdoc?CRDC-ID=CRS-2001-FDT-0569
|z Connect to the full text of this electronic book
|t 0
|
| 999 |
|
|
|a MARS
|
| 999 |
f |
f |
|s 7ce9594c-c823-31ec-bdde-3713c21ec300
|i 20486e31-e110-3943-83e1-6437c2ea881e
|t 0
|
| 952 |
f |
f |
|a Texas A&M University
|b College Station
|c Electronic Resources
|s www_evans
|d Available Online
|t 0
|e CRS-2001-FDT-0569
|h Other scheme
|
| 998 |
f |
f |
|a CRS-2001-FDT-0569
|t 0
|l Available Online
|